Statistics for Countries of Europe before World War II with a Map

Click here to take the quiz!

General Stats

  • This quiz has been taken 1,122 times
  • The average score is 32 of 33

Answers on the Map

Answers color-coded by a green-red scale on the quiz's map according to % correct below.
Loading ...
 

Answer Stats

Country% Correct
Lithuania
99%
Italy
99%
Portugal
99%
Poland
99%
Norway
99%
Netherlands
99%
Sweden
99%
Luxembourg
99%
Belgium
99%
Switzerland
99%
Latvia
99%
Ireland
99%
Soviet Union
99%
Iceland
99%
United Kingdom
99%
Greece
99%
Germany
99%
France
99%
Finland
99%
Estonia
99%
Denmark
99%
Spain
99%
Vatican City
98%
Bulgaria
98%
Romania
98%
Andorra
97%
San Marino
97%
Monaco
97%
Liechtenstein
97%
Hungary
97%
Yugoslavia
97%
Slovakia
92%
Danzig
74%

Score Distribution

Percentile by Number Answered

Percent of People with Each Score

Your Score History

You have not taken this quiz